000 00418pab a2200157 454500
008 180718b2008 xxu||||| |||| 00| 0 eng d
100 _aVarghese, P.J.
245 _aCivil society and environmental resistant movements: a study of Sethusamudram project
260 _c2008
300 _ap.315-38.
650 _aCivil society
700 _aMohana Kumar K.
773 _aISDA Journal
908 _aN
909 _a82378
999 _c82378
_d82378